Normal view MARC view
  • Sheikh, Abdul Hamid

Entry Corporate Name

Number of records used in: 1

001 - CONTROL NUMBER

  • control field: 112509

003 - CONTROL NUMBER IDENTIFIER

  • control field: NUST

005 - DATE AND TIME OF LATEST TRANSACTION

  • control field: 20230522121605.0

008 - FIXED-LENGTH DATA ELEMENTS

  • fixed length control field: 230522|| aca||aabn | a|a d

040 ## - CATALOGING SOURCE

  • Original cataloging agency: NUST
  • Transcribing agency: NUST

110 ## - HEADING--CORPORATE NAME

  • Corporate name or jurisdiction name as entry element: Sheikh, Abdul Hamid

670 ## - SOURCE DATA FOUND

  • Source citation: Work cat.: (NUST)594796: Mukhopadhyay, Madhujit 112412, Matrix and Finite Element Analyses of Structures:, 2008.
© 2023 Central Library, National University of Sciences and Technology. All Rights Reserved.